| 000 | 00340 a2200109 4500 | ||
|---|---|---|---|
| 245 |
_aOkike _hprint |
||
| 650 | _aAfrican Literature | ||
| 005 | 20191021095608.0 | ||
| 260 |
_anr _bPublished for Okiki Magazine by Nwankwo-Ifejika _cc1971- |
||
| 084 | _aPR9898.N5 A4 | ||
| 300 |
_av. : ill. _b 23-26 cm. _cv. : ill. ; 23-26 cm. |
||
| 500 | _aPublished: Nsukka, Nigeria : Okike, | ||
| 999 |
_c12436 _d12436 |
||